|
|
|
|
| LEADER |
00000nam0a2200000 4500 |
| 001 |
282141 |
| 005 |
20231101235454.0 |
| 035 |
|
|
|a (RuTPU)RU\TPU\book\306014
|
| 090 |
|
|
|a 282141
|
| 100 |
|
|
|a 20150128d1958 k y0rusy50 ca
|
| 101 |
0 |
|
|a rus
|
| 102 |
|
|
|a RU
|
| 105 |
|
|
|a y a 001zb
|
| 200 |
1 |
|
|a Алексей Александрович Баландин
|f Академия наук СССР (АН СССР) ; авт. предисл. А. М. Рубинштейн ; сост. Н. М. Нестерова
|
| 210 |
|
|
|a Москва
|c Изд-во АН СССР
|d 1958
|
| 215 |
|
|
|a 75 с.
|
| 225 |
1 |
|
|a Материалы к биобиблиографии ученых СССР
|
| 225 |
1 |
|
|a Серия химических наук
|v Вып. 28
|
| 320 |
|
|
|a Именной указатель соавторов : с. 68-70
|
| 320 |
|
|
|a Список принятых сокращений названий источников: с. 71-73
|
| 600 |
|
1 |
|a Баландин
|b А. А.
|c российский химик
|c академик АН СССР (19460
|f 1898-1967
|g Алексей Александрович
|2 stltpush
|3 (RuTPU)RU\TPU\pers\15081
|9 5170
|
| 606 |
1 |
|
|a Химики
|x Персоналии
|2 stltpush
|3 (RuTPU)RU\TPU\subj\69968
|9 84576
|
| 610 |
1 |
|
|a биобиблиографические пособия
|
| 610 |
1 |
|
|a персоналии
|
| 610 |
1 |
|
|a биографии
|
| 610 |
1 |
|
|a научные труды
|
| 675 |
|
|
|a 54(092)(01)
|v 4
|
| 702 |
|
1 |
|a Рубинштейн
|b А. М.
|4 080
|
| 702 |
|
1 |
|a Нестерова
|b Н. М.
|4 220
|
| 712 |
0 |
2 |
|a Академия наук СССР (АН СССР)
|2 stltpush
|3 (RuTPU)RU\TPU\col\722
|
| 801 |
|
1 |
|a RU
|b 63413507
|c 20150128
|
| 801 |
|
2 |
|a RU
|b 63413507
|c 20180215
|g RCR
|
| 942 |
|
|
|c BK
|